000 00679nam a22001937a 4500
999 _c164221
_d164221
005 20190514122214.0
010 _aUR-10112
020 _c325.00
_a9789388105521
035 _aU-8667
037 _bDBAD/PUB
082 _a841.08
100 _aا نصا ر ی عر فا ن ا حمد
245 _aعر فا ن د ل
_cا نصا ر ی عر فا ن ا حمد
246 _b‏Irfan-e-Dil (Urdu)
_abyIrfan Ahmed Ansari
260 _a Delhi
_bEducational Publishing House
_c2018 ء
270 _a3191،Vakil Street,Kucha Pandit,Lal Kuan,
_bDelhi
_e110006
_k23216162
_l00911123211540
300 _a336ص
_c22 Cm.(bk)
942 _2ddc
_cUR
_h841.08
_mا ن ص